000 00666nam a2200205Ia 4500
003 IN-BaIIA
008 211028s9999 xx 000 0 eng d
040 _cIIA Library
080 _a083.7:69.024.153.2
_bISI
110 _aIndian Standards Institution
245 0 _aIndian standard code of practice for laying and fixing of sloped roof covering
_bpt. 1, slating
_cIndian Standards Institution
260 _aNew Delhi
_bIndian Standards Institution
_c1969
300 _a14p.
500 _aIS 5119 : Part 1 : 1968
650 _a Slatting 
_98931
650 _a Sloped Roof Covering
_98932
650 _a Standards 
650 _aNASA Thesaurus 
942 _cBK
999 _c5022
_d5022